书目信息 |
| 题名: |
学会与发展
|
|
| 作者: | 邢天寿 著 | |
| 分册: | ||
| 出版信息: | 北京 中国科学技术出版社 1991 |
|
| 页数: | 268页 | |
| 开本: | 20cm | |
| 丛书名: | ||
| 单 册: | ||
| 中图分类: | G322.25 | |
| 科图分类: | ||
| 主题词: | 科学研究事业--世界 | |
| 电子资源: | ||
| ISBN: | 7-5046-0377-5 | |
| 000 | 00544nam0 2200193 450 | |
| 001 | 0736474562 | |
| 005 | 20070726101654.25 | |
| 010 | @a7-5046-0377-5@dCNY5.00 | |
| 100 | @a20070720d1991 km y0chiy0120 ea | |
| 101 | 0 | @achi |
| 102 | @aCN@b110000 | |
| 200 | 1 | @a学会与发展@Axue hui yu fa zhan@f邢天寿著@Fxing tian shou zhu |
| 210 | @a北京@c中国科学技术出版社@d1991 | |
| 215 | @a268页@d20cm | |
| 606 | 0 | @a科学研究事业@x世界 |
| 690 | @aG322.25@v3 | |
| 701 | 0 | @a邢天寿@Axing tian shou@4著 |
| 801 | 0 | @aCN@bPFT@c20070726 |
| 905 | @a10447@dG322.25@e30 | |
| 学会与发展/邢天寿著.-北京:中国科学技术出版社,1991 |
| 268页;20cm |
| ISBN 7-5046-0377-5:CNY5.00 |
| ● |
| 相关链接 |
|
|
|
|
正题名:学会与发展
索取号:G322.25/30
 
预约/预借
| 序号 | 登录号 | 条形码 | 馆藏地/架位号 | 状态 | 备注 |
| 1 | 0766584 | 207665846 | 第一样本阅览室/ [索取号:G322.25/30] | 在馆 |